[Event "Sunny Beach op-B 13th"]
[Site "Sunny Beach"]
[Date "2014.09.09"]
[Round "4"]
[White "Ilchev, Plamen"]
[Black "Kopasov, Evgeny Aleksandrovi"]
[Result "0-1"]
[WhiteElo "2104"]
[BlackElo "1962"]
[PlyCount "70"]
[EventDate "2014.09.06"]
[EventType "swiss"]
[EventRounds "9"]
[EventCountry "BUL"]
[SourceTitle "CBM 162 Extra"]
[Source "ChessBase"]
[SourceDate "2014.10.17"]
[SourceVersion "1"]
[SourceVersionDate "2014.10.17"]
[SourceQuality "1"]

1. e4 c5 2. Nf3 d6 3. d4 cxd4 4. Nxd4 Nf6 5. Nc3 a6 6. Bg5 e6 7. Qd2 Be7 8. 0-0-0 Nbd7 9. f4 Qc7 10. f5 e5 11. Nf3 b5 12. g4 Bb7 13. Nd5 Bxd5 14. exd5 Rc8 15. Qg2 Nxg4 16. Rd2 Bxg5 17. Nxg5 Ne3 18. Qf2 Nxf1 19. Rxf1 Nf6 20. Qg2 Qc4 21. Kb1 Qg4 22. Qxg4 Nxg4 23. Ne4 Ke7 24. Rg1 Nf6 25. Nc3 g6 26. fxg6 fxg6 27. a4 b4 28. Nd1 Rc4 29. c3 b3 30. Ne3 Rxa4 31. c4 Ne4 32. Rd3 Rf8 33. Rxb3 Nd2+ 34. Kc2 Nxb3 35. Kxb3 Ra5 0-1

[Event "EU-ch Seniors 13th"]
[Site "Plovdiv"]
[Date "2013.03.18"]
[Round "8"]
[White "Ilchev, Plamen"]
[Black "Radulov, Ivan"]
[Result "0-1"]
[WhiteElo "2112"]
[BlackElo "2291"]
[PlyCount "82"]
[EventDate "2013.03.11"]
[EventType "swiss"]
[EventRounds "9"]
[EventCountry "BUL"]
[SourceTitle "CBM 153 Extra"]
[Source "ChessBase"]
[SourceDate "2013.04.22"]
[SourceVersion "1"]
[SourceVersionDate "2013.04.22"]
[SourceQuality "1"]

1. e4 e5 2. Bc4 Nf6 3. d3 Be7 4. Nf3 d6 5. Nbd2 0-0 6. Nf1 Nc6 7. c3 d5 8. exd5 Nxd5 9. d4 exd4 10. Nxd4 Nxd4 11. Qxd4 Be6 12. Bxd5 Bf6 13. Qd3 Bxd5 14. Ne3 Re8 15. 0-0 Be6 16. Qxd8 Raxd8 17. Rd1 Rxd1+ 18. Nxd1 a6 19. Bf4 c6 20. Ne3 g5 21. Bc7 b5 22. a4 Rc8 23. Bd6 Rd8 24. Ba3 bxa4 25. Kf1 h5 26. Rd1 Rb8 27. Ke2 Rb3 28. Ra1 Be5 29. Kd3 Rb8 30. Ke4 Bc7 31. g3 Re8 32. Kd3 Kh7 33. Bc5 Bb3 34. Nc2 Rd8+ 35. Nd4 Rd5 36. Ba7 c5 37. Bxc5 Rxc5 38. Nxb3 axb3 39. Rxa6 Rf5 40. Ke2 Kg7 41. f3 h4 0-1

[Event "EU-ch Seniors 13th"]
[Site "Plovdiv"]
[Date "2013.03.17"]
[Round "7"]
[White "Gundersen, Helge Folmer"]
[Black "Ilchev, Plamen"]
[Result "1/2-1/2"]
[WhiteElo "2214"]
[BlackElo "2112"]
[PlyCount "144"]
[EventDate "2013.03.11"]
[EventType "swiss"]
[EventRounds "9"]
[EventCountry "BUL"]
[SourceTitle "CBM 153 Extra"]
[Source "ChessBase"]
[SourceDate "2013.04.22"]
[SourceVersion "1"]
[SourceVersionDate "2013.04.22"]
[SourceQuality "1"]

1. e4 c5 2. Nc3 Nc6 3. f4 e6 4. Nf3 d5 5. Bb5 a6 6. Bxc6+ bxc6 7. d3 Rb8 8. 0-0 g6 9. Ne5 Qc7 10. Kh1 Nf6 11. Qe1 Nd7 12. Nxd7 Qxd7 13. f5 d4 14. fxe6 Qxe6 15. Ne2 Bg7 16. b3 0-0 17. Bf4 Be5 18. Bxe5 Qxe5 19. Qg3 Qxg3 20. Nxg3 Be6 21. Rf6 Kg7 22. Raf1 Rfe8 23. h3 a5 24. a4 c4 25. dxc4 d3 26. cxd3 Rxb3 27. R6f3 Ra3 28. Ne2 Rd8 29. Nf4 Rxa4 30. Nxe6+ fxe6 31. Rf7+ Kg8 32. Rc7 Rf8 33. Rxf8+ Kxf8 34. Rxc6 Ke7 35. e5 Ra1+ 36. Kh2 Re1 37. Rc5 a4 38. Ra5 h5 39. Ra7+ Ke8 40. Rxa4 Rxe5 41. Kg3 Re3+ 42. Kf4 Rxd3 43. Ke5 Rg3 44. Kxe6 Kd8 45. Kd6 Kc8 46. Kc6 Kb8 47. Rb4+ Kc8 48. Rb2 g5 49. c5 h4 50. Rf2 Kb8 51. Rf8+ Ka7 52. Rf7+ Kb8 53. Rf8+ Ka7 54. Rf2 Kb8 55. Rd2 Kc8 56. Ra2 Kb8 57. Rb2+ Kc8 58. Kb6 g4 59. hxg4 Rxg4 60. Rf2 Rb4+ 61. Kc6 Kb8 62. Rf8+ Ka7 63. Rh8 Rg4 64. Rh7+ Ka6 65. Rh8 Ka7 66. Kb5 Rxg2 67. Rh7+ Kb8 68. Rxh4 Rg6 69. Rh8+ Kb7 70. Rh7+ Kb8 71. Rd7 Kc8 72. Rh7 Kb8 1/2-1/2

[Event "EU-ch Seniors 13th"]
[Site "Plovdiv"]
[Date "2013.03.14"]
[Round "4"]
[White "Gruzmann, Boris"]
[Black "Ilchev, Plamen"]
[Result "1-0"]
[WhiteElo "2284"]
[BlackElo "2112"]
[PlyCount "53"]
[EventDate "2013.03.11"]
[EventType "swiss"]
[EventRounds "9"]
[EventCountry "BUL"]
[SourceTitle "CBM 153 Extra"]
[Source "ChessBase"]
[SourceDate "2013.04.22"]
[SourceVersion "1"]
[SourceVersionDate "2013.04.22"]
[SourceQuality "1"]

1. e4 c5 2. Nf3 d6 3. d4 cxd4 4. Nxd4 Nf6 5. Nc3 e6 6. Be2 a6 7. a4 Qc7 8. 0-0 Be7 9. f4 0-0 10. Kh1 Nc6 11. Be3 Bd7 12. Nb3 Na5 13. e5 Ne8 14. Nxa5 Qxa5 15. Bf3 d5 16. f5 Rc8 17. fxe6 fxe6 18. Nxd5 exd5 19. Bxd5+ Kh8 20. Rxf8+ Bxf8 21. Bxb7 Qxe5 22. Bxc8 Bxc8 23. Qd4 Qe6 24. Rf1 Kg8 25. Qb6 Qe4 26. Bc5 Nf6 27. Qd8 1-0

[Event "EU-ch Seniors 13th"]
[Site "Plovdiv"]
[Date "2013.03.13"]
[Round "3"]
[White "Berkovich, Mark A"]
[Black "Ilchev, Plamen"]
[Result "1/2-1/2"]
[WhiteElo "2354"]
[BlackElo "2112"]
[PlyCount "42"]
[EventDate "2013.03.11"]
[EventType "swiss"]
[EventRounds "9"]
[EventCountry "BUL"]
[SourceTitle "CBM 153 Extra"]
[Source "ChessBase"]
[SourceDate "2013.04.22"]
[SourceVersion "1"]
[SourceVersionDate "2013.04.22"]
[SourceQuality "1"]

1. d4 Nf6 2. Nf3 b6 3. g3 Bb7 4. Bg2 e6 5. 0-0 Be7 6. c4 d5 7. Ne5 0-0 8. Nc3 Qc8 9. cxd5 Nxd5 10. Nxd5 exd5 11. Bf4 Qe6 12. Rc1 Na6 13. Qd2 Rfd8 14. h4 c5 15. Kh2 Bf6 16. b3 cxd4 17. Bh3 Qe8 18. Ng4 Be7 19. Qxd4 Nc5 20. Ne3 Bf6 21. Qd1 Be5 1/2-1/2

[Event "Belogradchik op"]
[Site "Belogradchik"]
[Date "2010.09.09"]
[Round "5"]
[White "Ilchev, Plamen"]
[Black "Primbetov, Kazbek"]
[Result "1-0"]
[WhiteElo "2118"]
[BlackElo "2221"]
[PlyCount "63"]
[EventDate "2010.09.06"]
[EventType "swiss"]
[EventRounds "5"]
[EventCountry "BUL"]
[SourceTitle "CBM 138 Extra"]
[Source "ChessBase"]
[SourceDate "2010.10.29"]
[SourceVersion "1"]
[SourceVersionDate "2010.10.29"]
[SourceQuality "1"]

1. e4 e6 2. d4 d5 3. Nd2 c5 4. Ngf3 Nf6 5. e5 Nfd7 6. c3 Nc6 7. Be2 cxd4 8. cxd4 Qb6 9. Nb1 f6 10. exf6 Nxf6 11. 0-0 Bd6 12. Nc3 0-0 13. Na4 Qc7 14. Bg5 Ne4 15. Bh4 Bd7 16. Rc1 Bf4 17. Rb1 Be8 18. Bg3 Bg6 19. Bxf4 Qxf4 20. Rc1 Bh5 21. Nc5 Nxc5 22. dxc5 Bxf3 23. Bxf3 Nd4 24. Rc3 Rad8 25. Bg4 e5 26. g3 Qf6 27. Rd3 Qc6 28. b4 Nf5 29. Re1 e4 30. Rxe4 dxe4 31. Rxd8 Ne7 32. Qb3+ 1-0

[Event "Valencia Autonomico Norte-A"]
[Site "Valencia"]
[Date "2009.01.31"]
[Round "4.5"]
[White "Ilchev, Plamen"]
[Black "Garcia Tejera, Daniel"]
[Result "1-0"]
[WhiteElo "2090"]
[BlackElo "2087"]
[PlyCount "57"]
[EventDate "2009.01.10"]
[EventType "team-tourn"]
[EventRounds "5"]
[EventCountry "ESP"]
[SourceTitle "EXT 2011"]
[Source "ChessBase"]
[SourceDate "2010.11.26"]
[SourceVersion "1"]
[SourceVersionDate "2010.11.26"]
[SourceQuality "1"]

1. e4 c6 2. d4 g6 3. Nf3 Bg7 4. Bd3 d6 5. 0-0 Nf6 6. Re1 0-0 7. h3 Qc7 8. c4 e5 9. Be3 h6 10. Qd2 Kh7 11. Nc3 Nbd7 12. Rad1 Ne8 13. Qc2 a6 14. a4 Rb8 15. b4 b6 16. dxe5 Nxe5 17. Nxe5 dxe5 18. c5 b5 19. axb5 axb5 20. Rd2 Be6 21. Ra1 Kh8 22. Rdd1 f5 23. f3 Rb7 24. Ra6 Nf6 25. Nxb5 cxb5 26. Rxe6 fxe4 27. Bxe4 Rbb8 28. Bxg6 Rbd8 29. Red6 1-0

[Event "Cullera 5th"]
[Site "Cullera"]
[Date "2007.04.12"]
[Round "6"]
[White "Gonzalez Menendez, Ivan"]
[Black "Ilchev, Plamen"]
[Result "1-0"]
[WhiteElo "2401"]
[BlackElo "2125"]
[PlyCount "49"]
[EventDate "2007.04.09"]
[EventType "tourn"]
[EventRounds "9"]
[EventCountry "ESP"]
[EventCategory "1"]
[SourceTitle "CBM 117 Extra"]
[Source "ChessBase"]
[SourceDate "2007.05.09"]
[SourceVersion "1"]
[SourceVersionDate "2007.05.09"]
[SourceQuality "1"]

1. e4 c5 2. Nf3 d6 3. d4 cxd4 4. Nxd4 Nf6 5. Nc3 a6 6. Be2 e6 7. 0-0 Be7 8. f4 Nbd7 9. Be3 Qc7 10. Bf3 Rb8 11. g4 Nc5 12. Qd2 b5 13. g5 Nfd7 14. b4 Na4 15. Nxa4 bxa4 16. c4 0-0 17. a3 Nb6 18. Rac1 Bd7 19. Rc2 Nxc4 20. Rxc4 Qxc4 21. Rc1 Qxc1+ 22. Qxc1 Rfc8 23. Qd2 a5 24. bxa5 d5 25. Qd3 1-0

[Event "Cullera 5th"]
[Site "Cullera"]
[Date "2007.04.10"]
[Round "2"]
[White "Ilchev, Plamen"]
[Black "Valmana Canto, Jaime"]
[Result "0-1"]
[WhiteElo "2125"]
[BlackElo "2338"]
[PlyCount "52"]
[EventDate "2007.04.09"]
[EventType "tourn"]
[EventRounds "9"]
[EventCountry "ESP"]
[EventCategory "1"]
[SourceTitle "CBM 117 Extra"]
[Source "ChessBase"]
[SourceDate "2007.05.09"]
[SourceVersion "1"]
[SourceVersionDate "2007.05.09"]
[SourceQuality "1"]

1. e4 c5 2. Nf3 e6 3. d4 cxd4 4. Nxd4 Nf6 5. Nc3 Nc6 6. Ndb5 d6 7. Bf4 e5 8. Bg5 a6 9. Na3 b5 10. Nd5 Qa5+ 11. Bd2 Qd8 12. Bg5 Be7 13. Bxf6 Bxf6 14. c3 0-0 15. Nc2 Rb8 16. Nce3 Bg5 17. h4 Bxe3 18. Nxe3 Be6 19. a4 b4 20. Bxa6 bxc3 21. bxc3 Qa5 22. Qd3 Rb3 23. 0-0 Ra8 24. Bc4 Rxc3 25. Qxd6 Bxc4 26. Rfc1 Be6 0-1

[Event "Cullera 5th"]
[Site "Cullera"]
[Date "2007.04.09"]
[Round "1"]
[White "Uribe Arteaga, Daniel"]
[Black "Ilchev, Plamen"]
[Result "1-0"]
[WhiteElo "2251"]
[BlackElo "2125"]
[PlyCount "107"]
[EventDate "2007.04.09"]
[EventType "tourn"]
[EventRounds "9"]
[EventCountry "ESP"]
[EventCategory "1"]
[SourceTitle "CBM 117 Extra"]
[Source "ChessBase"]
[SourceDate "2007.05.09"]
[SourceVersion "1"]
[SourceVersionDate "2007.05.09"]
[SourceQuality "1"]

1. d4 Nf6 2. c4 e6 3. Nc3 Bb4 4. e3 c5 5. Nf3 d5 6. Bd3 0-0 7. 0-0 cxd4 8. exd4 dxc4 9. Bxc4 b6 10. Bg5 Bb7 11. Ne5 Be7 12. Re1 Nc6 13. Ba6 Qc8 14. Qf3 Na5 15. Bxb7 Qxb7 16. Qxb7 Nxb7 17. Nc6 Bd6 18. Bxf6 gxf6 19. d5 Rfe8 20. Rad1 a5 21. Ne4 Kg7 22. Nxd6 Nxd6 23. dxe6 Nf5 24. e7 Rac8 25. g4 Rxc6 26. gxf5 Rc7 27. Rd6 Rexe7 28. Rxe7 Rxe7 29. Rxb6 Re5 30. a4 Rxf5 31. Rb5 Rg5+ 32. Kf1 Kf8 33. Rxg5 fxg5 34. Ke2 Ke7 35. Kd3 Kd6 36. Kc4 Kc6 37. b4 axb4 38. Kxb4 Kb6 39. Kc4 Ka5 40. Kd4 Kxa4 41. Ke5 Kb4 42. Kf5 Kc4 43. Kxg5 Kd5 44. h4 Ke4 45. h5 f5 46. f4 h6+ 47. Kxh6 Kxf4 48. Kg6 Kg4 49. h6 f4 50. h7 Kg3 51. h8Q Kg4 52. Qb2 Kg3 53. Qe5 Kg4 54. Qg5+ 1-0

[Event "Cullera op 26th"]
[Site "Cullera"]
[Date "2005.07.27"]
[Round "6.30"]
[White "Ilchev, Plamen"]
[Black "Perez Garcia, Jose Miguel"]
[Result "1-0"]
[WhiteElo "2160"]
[BlackElo "2054"]
[PlyCount "59"]
[EventDate "2005.07.21"]
[EventType "swiss"]
[EventRounds "9"]
[EventCountry "ESP"]
[SourceTitle "CBM 107 Extra"]
[Source "ChessBase"]
[SourceDate "2005.09.01"]
[SourceVersion "1"]
[SourceVersionDate "2005.09.01"]
[SourceQuality "1"]

1. e4 c5 2. Nf3 d6 3. d4 cxd4 4. Nxd4 Nf6 5. Nc3 g6 6. Be3 Bg7 7. f3 0-0 8. Qd2 Nc6 9. 0-0-0 Bd7 10. g4 Nxd4 11. Bxd4 Be6 12. Kb1 Qa5 13. Nd5 Qd8 14. Nxf6+ exf6 15. Bc3 d5 16. exd5 Bd7 17. Ba5 Qc8 18. Bd3 b6 19. Bb4 Re8 20. c4 f5 21. h3 a5 22. Ba3 fxg4 23. hxg4 f5 24. g5 f4 25. Qxf4 Be5 26. Qh4 h5 27. gxh6 Bf5 28. h7+ Kh8 29. Bxf5 Qxf5+ 30. Qe4 1-0